000 00410nmm a2200157Ia 4500
008 251105s9999||||xx |||||||||||||||||und||
041 _aspa
100 _aJackson, Brenda
245 0 _aEl objeto de su deseo
264 _a[Madrid, España] :
_bHarlequin,
_c2010
300 _a160 páginas
490 _aDeseo
650 _aRomance
856 _uhttps://public.digitaliapublishing.com/a/49912
942 _cCF
999 _c98967
_d98967